<?xml version="1.0" encoding="UTF-8"?>
<record
    xmlns:xsi="http://www.w3.org/2001/XMLSchema-instance"
    xsi:schemaLocation="http://www.loc.gov/MARC21/slim http://www.loc.gov/standards/marcxml/schema/MARC21slim.xsd"
    xmlns="http://www.loc.gov/MARC21/slim">

  <leader>02548nam a2200361 i 4500</leader>
  <controlfield tag="001">193234</controlfield>
  <controlfield tag="003">SpMaBN</controlfield>
  <controlfield tag="005">20250804062654.0</controlfield>
  <controlfield tag="007">ta</controlfield>
  <controlfield tag="008">170531s2017    sp            000 f spa  </controlfield>
  <datafield tag="017" ind1=" " ind2=" ">
    <subfield code="a">M 9325-2017</subfield>
    <subfield code="b">Oficina Dep&#xF3;sito Legal Madrid</subfield>
  </datafield>
  <datafield tag="020" ind1=" " ind2=" ">
    <subfield code="a">9788491047513</subfield>
  </datafield>
  <datafield tag="035" ind1=" " ind2=" ">
    <subfield code="a">a5972368</subfield>
  </datafield>
  <datafield tag="040" ind1=" " ind2=" ">
    <subfield code="a">SpMaBN</subfield>
    <subfield code="b">spa</subfield>
    <subfield code="c">SpMaBN</subfield>
    <subfield code="e">rdc</subfield>
  </datafield>
  <datafield tag="080" ind1=" " ind2=" ">
    <subfield code="a">821.112-31"20"</subfield>
  </datafield>
  <datafield tag="100" ind1="1" ind2=" ">
    <subfield code="a">Winkler, Philipp,</subfield>
    <subfield code="d">1986-</subfield>
    <subfield code="4">aut</subfield>
    <subfield code="0">XX5747830</subfield>
    <subfield code="9">234351</subfield>
    <subfield code="e">aut</subfield>
  </datafield>
  <datafield tag="245" ind1="1" ind2="0">
    <subfield code="a">Hooligan :</subfield>
    <subfield code="c">Philipp Winkler ; traducido del alem&#xE1;n por Carlos Fortea</subfield>
  </datafield>
  <datafield tag="260" ind1=" " ind2=" ">
    <subfield code="a">Madrid :</subfield>
    <subfield code="b">AdN Alianza de Novelas,</subfield>
    <subfield code="c">[2017]</subfield>
  </datafield>
  <datafield tag="300" ind1=" " ind2=" ">
    <subfield code="a">297 p&#xE1;ginas ;</subfield>
    <subfield code="c">22 cm</subfield>
  </datafield>
  <datafield tag="336" ind1=" " ind2=" ">
    <subfield code="a">Texto (visual)</subfield>
    <subfield code="2">isbdcontent</subfield>
  </datafield>
  <datafield tag="337" ind1=" " ind2=" ">
    <subfield code="a">sin mediaci&#xF3;n</subfield>
    <subfield code="2">isbdmedia</subfield>
  </datafield>
  <datafield tag="338" ind1=" " ind2=" ">
    <subfield code="2">rdacarrier</subfield>
    <subfield code="a">volumen</subfield>
  </datafield>
  <datafield tag="520" ind1=" " ind2=" ">
    <subfield code="a">Toda persona tiene dos familias. Aquella en la que nace, y aquella por la que opta.

" Hooligan " es la historia de Heiko Kolbe y quienes considera sus hermanos de sangre, hinchas de f&#xFA;tbol de la ciudad de Hannover. La madre de Heiko abandon&#xF3; la familia cuando &#xE9;l era un ni&#xF1;o; su padre es alcoh&#xF3;lico y convive desde hace unos a&#xF1;os con una mujer que trajo de Tailandia despu&#xE9;s de unas vacaciones. Heiko dej&#xF3; el instituto en el &#xFA;ltimo a&#xF1;o y no tiene el t&#xED;tulo de bachillerato. Trabaja en el gimnasio de su t&#xED;o paterno, Alex, l&#xED;der de una banda que se encarga de organizar peleas con grupos de " hooligans " de otras ciudades vecinas. Combates organizados en lugares concretos, a determinadas horas y con reglas estrictas, que Heiko vive casi como enfrentamientos deportivos.

Philipp Winkler nos habla, por un lado, de la violencia, el fanatismo y la necesidad de aceptaci&#xF3;n y pertenencia a un grupo, pero tambi&#xE9;n del coraz&#xF3;n de un chico duro que pelea para proteger lo que para &#xE9;l es sagrado. La prosa de Winkler se adue&#xF1;a del lector y le transporta a un mundo extra&#xF1;o dentro del nuestro. Y con " Hooligan " , se inserta en una gran tradici&#xF3;n literaria: dar voz a los que no la tienen.</subfield>
  </datafield>
  <datafield tag="655" ind1=" " ind2="0">
    <subfield code="a">Novelas</subfield>
    <subfield code="9">234319</subfield>
  </datafield>
  <datafield tag="700" ind1="1" ind2=" ">
    <subfield code="a">Fortea, Carlos,</subfield>
    <subfield code="d">1963-</subfield>
    <subfield code="4">trl</subfield>
    <subfield code="e">trl</subfield>
    <subfield code="9">51844</subfield>
  </datafield>
  <datafield tag="852" ind1=" " ind2=" ">
    <subfield code="a">ES-MaACL</subfield>
    <subfield code="b">R. 154633</subfield>
    <subfield code="c">DEPOJ</subfield>
    <subfield code="9">200657</subfield>
    <subfield code="h">Donaci&#xF3;n: Carlos Fortea</subfield>
    <subfield code="j">N-9402</subfield>
    <subfield code="x">Encuadernaci&#xF3;n r&#xFA;stica con solapas</subfield>
  </datafield>
  <datafield tag="903" ind1=" " ind2=" ">
    <subfield code="a">Fortea, Carlos,</subfield>
    <subfield code="d">1963-</subfield>
    <subfield code="e">dnr</subfield>
    <subfield code="9">51844</subfield>
  </datafield>
  <datafield tag="942" ind1=" " ind2=" ">
    <subfield code="n">0</subfield>
    <subfield code="c">MONOGRAFIA</subfield>
  </datafield>
  <datafield tag="999" ind1=" " ind2=" ">
    <subfield code="c">193234</subfield>
    <subfield code="d">193234</subfield>
  </datafield>
  <datafield tag="952" ind1=" " ind2=" ">
    <subfield code="0">0</subfield>
    <subfield code="1">0</subfield>
    <subfield code="2">udc</subfield>
    <subfield code="4">0</subfield>
    <subfield code="7">0</subfield>
    <subfield code="a">ATENEOM</subfield>
    <subfield code="b">ATENEOM</subfield>
    <subfield code="c">DEPOJ</subfield>
    <subfield code="d">2023-10-19</subfield>
    <subfield code="e">DONACION</subfield>
    <subfield code="j">1</subfield>
    <subfield code="l">0</subfield>
    <subfield code="o">N-9402</subfield>
    <subfield code="p">101205946</subfield>
    <subfield code="r">2023-10-19 00:00:00</subfield>
    <subfield code="y">MONOGRAFIA</subfield>
  </datafield>
</record>
